REINVENTING MANAGEMENT SMARTER CHOICES F (Record no. 16914)

MARC details
000 -LEADER
fixed length control field 00360nam a2200133Ia 4500
008 - FIXED-LENGTH DATA ELEMENTS--GENERAL INFORMATION
fixed length control field 240624s9999 xx 000 0 und d
041 ## - LANGUAGE CODE
Language code of text/sound track or separate title eng
082 ## - DEWEY DECIMAL CLASSIFICATION NUMBER
Classification number 658.4 BIR
100 ## - MAIN ENTRY--PERSONAL NAME
Personal name BIRKINSHAW JULIAN
245 ## - TITLE STATEMENT
Title REINVENTING MANAGEMENT SMARTER CHOICES F
260 ## - PUBLICATION, DISTRIBUTION, ETC.
Date of publication, distribution, etc. 2010
Place of publication, distribution, etc. San Francisco
Name of publisher, distributor, etc. Jossey-Bass
300 ## - PHYSICAL DESCRIPTION
Extent xviii, : 295 : p. : cm. ; 23
365 ## - TRADE PRICE
Currency code
Price amount 27
Holdings
Withdrawn status Lost status Damaged status Not for loan Home library Current library Shelving location Date acquired Source of acquisition Cost, normal purchase price Full call number Barcode Date last seen Copy number Price effective from Koha item type
        IMTN IMTN Rack 27-A 03/28/2011 BWE 29.95 658.4 BIR 16914 06/24/2024 47.9 06/24/2024 Books
Designed & Maintained by: LRC IMT Nagpur Contact: lrc@imtnag.ac.in© 2024. All Rights Reserved.